Management kvality a environmentu učební text vedlejší specializace management kvality, environmentu, bezpečnosti a ochrany zdraví při práci

Guardado en:
Detalles Bibliográficos
Autor principal: Veber, Jaromír
Autor Corporativo: Vysoká škola ekonomická v Praze. Podnikohospodářská fakulta
Formato: Libro
Lenguaje:checo
Publicado: Praha VŠE v Praze, Nakladatelství Oeconomica 2003
Edición:1. dotisk 1. vyd.
Materias:
Etiquetas: Agregar Etiqueta
Sin Etiquetas, Sea el primero en etiquetar este registro!

MARC

LEADER 00000nam$a2200000$$$4500
001 0005289
005 20240226134155.0
020 |a 80-245-0289-5 
041 0 |a cze 
044 |a CZ 
245 1 0 |a Management kvality a environmentu  |b učební text vedlejší specializace management kvality, environmentu, bezpečnosti a ochrany zdraví při práci  |c Jaromír Veber 
250 |a 1. dotisk 1. vyd. 
264 1 |a Praha  |b VŠE v Praze, Nakladatelství Oeconomica  |c 2003 
300 |a 157 s. 
610 2 0 |a riadenie kvality 
610 2 0 |a manažment 
610 2 0 |a environmentalistika 
610 2 0 |a prostredie životné 
610 2 0 |a bezpečnosť environmentálna 
610 2 0 |a prostredie pracovné 
610 2 0 |a normy ISO 
610 2 0 |a riadenie vrcholové 
100 1 |a Veber, Jaromír 
710 2 |a Vysoká škola ekonomická v Praze. Podnikohospodářská fakulta